Nghiên cứu, thiết kế thiết bị định vị động thời gian thực sử dụng hệ thống vệ tinh GPS và Glonass : Báo cáo tổng kết đề tài Khoa học và Công nghệ cấp Trường

Thiết kế thiết bị định vị động thời gian thực nhỏ gọn sử dụng tín hiệu của hệ thống định vị GPS và Glonass để nâng cao độ chính xác và tính bền vững của thiết bị.

Đã lưu trong:
Sonraí Bibleagrafaíochta
Príomhúdar: Trần, Nhựt Thanh
Formáid: Leabhar
Teanga:Undetermined
Foilsithe: Cần Thơ Trường Đại học Cần Thơ 2016
Ábhair:
Clibeanna: Cuir Clib Leis
Gan Chlibeanna, Bí ar an gcéad duine leis an taifead seo a chlibeáil!
Thư viện lưu trữ: Trung tâm Học liệu Trường Đại học Cần Thơ
LEADER 01190nam a2200205Ia 4500
001 CTU_223318
008 210402s9999 xx 000 0 und d
082 |a 621.384156 
082 |b Th107 
088 |a T2016-12 
100 |a Trần, Nhựt Thanh 
245 0 |a Nghiên cứu, thiết kế thiết bị định vị động thời gian thực sử dụng hệ thống vệ tinh GPS và Glonass : 
245 0 |b Báo cáo tổng kết đề tài Khoa học và Công nghệ cấp Trường 
245 0 |c Trần Nhựt Thanh (Chủ nhiệm đề tài) ; Nguyễn Chánh Nghiệm (Thành viên tham gia) 
260 |a Cần Thơ 
260 |b Trường Đại học Cần Thơ 
260 |c 2016 
520 |a Thiết kế thiết bị định vị động thời gian thực nhỏ gọn sử dụng tín hiệu của hệ thống định vị GPS và Glonass để nâng cao độ chính xác và tính bền vững của thiết bị. 
650 |a Global Positioning System,Hệ thống định vị toàn cầu 
980 |a Trung tâm Học liệu Trường Đại học Cần Thơ